000 00554nam a2200229Ia 4500
003 OSt
005 20221005122035.0
006 a|||||r|||| 00| 0
007 ta
008 221004b |||||||| |||| 00| 0 eng d
024 _a52452
037 _cTextual
040 _aCRL
_cCRL
_beng
041 _2eng
_aeng
082 _aQ6:33z7, F3
100 _aSen P. K.
_958224
245 0 _aIndia's response to Christ.etc.
260 _c1923
650 _aRELIGION
942 _hQ6:33z7, F3
_cTEXL
_2cc
999 _c1043074
_d1043074